[Event "29. DSenEM 2017 Gruppe A"]
[Site "?"]
[Date "2017.08.11"]
[Round "4.1"]
[White "Buchal, Stephan"]
[Black "Meister, Jakob"]
[Result "1-0"]
[WhiteElo "2309"]
[BlackElo "2437"]
[Annotator "Buchal,Stephan"]
[PlyCount "85"]
[EventDate "2017.??.??"]
[WhiteClock "0:22:51"]
[BlackClock "0:25:47"]

1. c4 {[%emt 1:30:24]} c5 {[%emt 1:30:28]} 2. g3 {[%emt 1:30:35]} Nf6 {[%emt 1:
30:50]} 3. Bg2 {[%emt 1:30:52]} d5 {[%emt 1:30:25]} 4. cxd5 {[%emt 1:30:53]}
Nxd5 {[%emt 1:30:53]} 5. Nc3 {[%emt 1:30:55]} Nc7 {[%emt 1:31:04] 91 - 91} 6.
Qb3 {[%emt 1:29:19]} Nc6 {[%emt 1:30:14]} 7. Bxc6+ {[%emt 1:29:32]} bxc6 {
[%emt 1:29:32]} 8. Qa4 {[%emt 1:29:45]} Ne6 $1 {[%emt 1:29:12]} 9. d3 {[%emt 1:
28:04]} g6 {[%emt 1:27:40]} 10. h4 $146 {[%emt 1:27:40]} Bg7 {[%emt 1:19:18]
79 - 85} 11. h5 {[%emt 1:18:40]} Qb6 {[%emt 1:25:03]} 12. hxg6 $2 {[%emt 1:07:
09]} (12. Nf3 Nd4 13. Nxd4 cxd4 14. Nd5 Qb7 15. h6 Be5 16. f4 $14) 12... hxg6 {
[%emt 1:25:13]} 13. Rxh8+ {[%emt 1:05:32]} Bxh8 {[%emt 1:25:33]} 14. Nf3 {
[%emt 0:48:16]} Nd4 {[%emt 1:24:55]} 15. Nxd4 {[%emt 0:44:15]} cxd4 {[%emt 1:
24:24] 44 - 84} 16. Nd5 {[%emt 0:40:08]} Qb7 {[%emt 1:23:23]} 17. Bg5 {[%emt 0:
31:47]} Be6 {[%emt 1:00:33]} 18. Nxe7 {[%emt 0:19:11]} Qb5 $2 {[%emt 0:53:25]}
(18... f6 {ist mal wieder 0.00. z.B.} 19. Nxg6 fxg5 20. Nxh8 Qxb2 21. Qxc6+ Ke7
22. Ng6+ Kf6 23. Rc1 $1 Kg7 24. Rd1 Bh3 25. Qxa8 Qc3+ 26. Rd2 Qc1+ 27. Rd1 Qc3+
) 19. Qxb5 {[%emt 0:17:40]} cxb5 {[%emt 0:53:51]} 20. Nc6 $6 $14 {[%emt 0:14:
10]} (20. Ng8 $1 $16 {gesehen, aber nicht so recht dran geglaubt.}) 20... Kd7 {
[%emt 0:46:09] 14 - 46} 21. Na5 {[%emt 0:12:50]} Be5 {[%emt 0:12:50]} 22. Bf4 {
[%emt 0:11:36]} Bf6 {[%emt 0:38:59]} 23. Rc1 {[%emt 0:05:22]} Bxa2 {[%emt 0:28:
52]} 24. Rc7+ {[%emt 0:04:30]} Ke8 {[%emt 0:29:19]} 25. b4 $6 {[%emt 0:03:40]}
(25. Nc6 a5 26. Be5 $16) 25... a6 {[%emt 0:18:33] 4 - 18} 26. Bd6 {[%emt 0:03:
39]} Bd5 {[%emt 0:14:27]} 27. Rc5 {[%emt 0:02:50]} Be6 {[%emt 0:12:16]} 28. Rc7
{[%emt 0:03:19]} Bd8 {[%emt 0:09:21]} 29. Rc2 {[%emt 0:01:00]} Bf6 {[%emt 0:05:
30]} 30. Kd2 {[%emt 0:00:44]} Rd8 {[%emt 0:02:43] 1 - 3} 31. Bc5 $6 {[%emt 0:
00:31]} Bd5 $11 {[%emt 0:02:48]} 32. Kc1 {[%emt 0:00:12]} Rc8 {[%emt 0:01:33]}
33. Kb2 {[%emt 0:00:30]} Kd7 {[%emt 0:01:43]} 34. Nb3 {[%emt 0:01:43]} Bxb3 {
[%emt 0:01:38]} 35. Kxb3 {[%emt 0:00:46]} Ke6 {[%emt 0:01:34] 0 - 2} 36. Ra2 {
[%emt 0:00:51]} Ra8 {[%emt 0:00:54]} 37. Ra1 {[%emt 0:00:18]} Kd5 {[%emt 0:00:
18]} 38. Rh1 $2 {[%emt 0:00:19]} a5 $15 {[%emt 0:01:26]} 39. e4+ {[%emt 0:00:
14]} dxe3 {[%emt 0:02:12]} 40. fxe3 a4+ 41. Ka3 {[%emt 0:23:40]} Rh8 {[%emt 0:
27:09]} 42. Rf1 {[%emt 0:22:33] [#]} Ke6 $4 {[%emt 0:26:33]} (42... Be5 43. g4
Ke6 44. d4 Bg3 45. e4 $15) 43. Rxf6+ {[%emt 0:22:51]} 1-0

[Event "29. DSenEM 2017 Gruppe A"]
[Site "?"]
[Date "2017.08.12"]
[Round "5.1"]
[White "Rotstein, Jefim"]
[Black "Buchal, Stephan"]
[Result "0-1"]
[WhiteElo "2310"]
[BlackElo "2309"]
[Annotator "Buchal,Stephan"]
[PlyCount "64"]
[EventDate "2017.??.??"]
[WhiteClock "0:08:24"]
[BlackClock "0:59:33"]

1. e4 {[%emt 1:30:25]} g6 {[%emt 1:30:25]} 2. c4 {[%emt 1:30:34]} Bg7 {[%emt 1:
30:31]} 3. Nc3 {[%emt 1:30:50]} c5 {[%emt 1:29:24]} 4. f4 {[%emt 1:31:03]} Nc6
{[%emt 1:25:04]} 5. Nf3 {[%emt 1:30:59]} d6 {[%emt 1:30:59] 91 - 84} 6. Be2 {
[%emt 1:30:17]} Bg4 {[%emt 1:15:19] wahrscheinlich ist 6... e6 stärker, aber
gegen den starken Angriffsspieler wollte ich den Springer beseitigen} 7. O-O {
[%emt 1:28:38]} e6 {[%emt 1:13:30]} 8. Qe1 {[%emt 1:27:03]} Nge7 {[%emt 1:12:
10]} 9. Ng5 {[%emt 1:25:18]} Bxe2 {[%emt 1:10:37]} 10. Nxe2 {[%emt 1:25:35]} h6
{[%emt 1:07:42] 86 - 68} 11. Nh3 {[%emt 1:25:46]} f5 {[%emt 1:25:46]} 12. d3 {
[%emt 1:23:09]} Qd7 {[%emt 0:53:32]} 13. a3 {[%emt 1:22:24]} O-O {[%emt 0:46:
03]} 14. Rb1 {[%emt 1:22:09]} d5 {[%emt 0:42:17]} 15. cxd5 {[%emt 1:19:47]}
exd5 {[%emt 0:39:49] 80 - 40} 16. e5 {[%emt 1:20:02]} d4 {[%emt 0:34:41]} 17.
b4 {[%emt 1:19:55]} b6 {[%emt 0:32:17]} 18. bxc5 {[%emt 1:17:46]} bxc5 {
[%emt 0:32:44]} 19. a4 {[%emt 1:17:05]} Nb4 {[%emt 0:24:38]} 20. Qd1 {[%emt 0:
24:38]} a5 {[%emt 0:20:48] 76 - 21} 21. Nf2 {[%emt 1:14:42]} Ned5 {[%emt 1:14:
42]} 22. Bd2 {[%emt 1:13:04]} Kh7 {[%emt 1:13:04]} 23. Nc1 {[%emt 1:10:44]}
Rfd8 {[%emt 1:10:44]} 24. Re1 {[%emt 1:10:30]} Nc3 {[%emt 0:08:34]} 25. Bxc3 {
[%emt 1:10:24]} dxc3 {[%emt 0:09:02] 70 - 9} 26. Qb3 {[%emt 1:09:59]} c2 {
[%emt 0:08:56]} 27. Ra1 {[%emt 0:08:56]} Qd4 {[%emt 0:08:16]} 28. Ne2 {[%emt 1:
07:44]} Qe3 {[%emt 0:08:40]} 29. Qc4 {[%emt 1:06:13]} Nxd3 {[%emt 0:08:18]} 30.
Rf1 {[%emt 1:01:18]} Nxf2 {[%emt 0:08:30] 61 - 9} 31. Qxc2 {[%emt 0:59:50]}
Ne4+ {[%emt 0:08:37]} 32. Kh1 {[%emt 0:08:37]} Rd2 {[%emt 0:08:37]} 0-1

[Event "29. DSenEM 2017 Gruppe A"]
[Site "?"]
[Date "2017.08.12"]
[Round "6.1"]
[White "Buchal, Stephan"]
[Black "Khanukov, Boris"]
[Result "1-0"]
[WhiteElo "2309"]
[BlackElo "2295"]
[Annotator "Buchal,Stephan"]
[PlyCount "109"]
[EventDate "2017.??.??"]
[WhiteClock "0:09:38"]
[BlackClock "0:29:40"]

1. c4 {[%emt 1:30:24]} c6 {[%emt 1:30:16]} 2. g3 {[%emt 1:30:02]} d5 {[%emt 1:
30:32]} 3. Nf3 {[%emt 1:30:14]} Bg4 {[%emt 1:30:02]} 4. Bg2 {[%emt 1:30:18]} e6
{[%emt 1:29:53]} 5. cxd5 {[%emt 1:30:14]} Bxf3 {[%emt 1:30:08] 91 - 90} 6. Bxf3
{[%emt 1:30:35]} cxd5 {[%emt 1:30:23]} 7. O-O {[%emt 1:30:23]} Nc6 {[%emt 1:30:
14]} 8. Nc3 {[%emt 1:30:25]} Nf6 {[%emt 1:30:25]} 9. d3 {[%emt 1:30:19]} Be7 {
[%emt 1:29:18]} 10. Bd2 {[%emt 1:25:59]} O-O {[%emt 1:29:10] 86 - 89} 11. Qa4 {
[%emt 1:21:57]} a6 {[%emt 1:27:49]} 12. Rfc1 {[%emt 1:21:43]} Qd7 {[%emt 1:26:
51]} 13. a3 {[%emt 1:11:03]} Rfc8 {[%emt 1:22:33]} 14. Bg2 {[%emt 1:07:46]} b5
{[%emt 1:14:21]} 15. Qd1 {[%emt 1:07:31]} h6 {[%emt 1:07:31] 68 - 73} 16. b4 {
[%emt 0:51:21]} (16. e3 d4 $6 (16... Bd6 17. Ne2 Rc7) 17. exd4 Ra7 18. d5 exd5
19. Qf1) 16... Rab8 {[%emt 1:10:43]} 17. Na2 $11 {[%emt 0:41:04] mit
Remisangebot} Bd6 {[%emt 1:00:13]} 18. e3 {[%emt 0:39:30]} (18. Rc2 $1 a5 19.
Rac1) 18... a5 {[%emt 0:53:00]} 19. Bc3 {[%emt 0:35:27]} (19. bxa5 Bxa3 20.
Rcb1 Qe7 21. d4 b4 22. Qa4 e5 $11) 19... e5 {[%emt 0:49:29]} 20. Qb3 {[%emt 0:
27:56]} (20. Bb2 $14) (20. Qd2 d4 21. Bxc6 Rxc6 22. exd4 axb4 23. Nxb4 Bxb4 24.
Bxb4 Rxc1+ 25. Rxc1 Qxd4 $11) 20... a4 {[%emt 0:44:59] 28 - 45} 21. Qd1 {
[%emt 0:25:45]} Be7 {[%emt 0:25:45]} (21... Bc7 $1 22. Bb2 Bb6 23. Qf3 Ba7 24.
Nc3 Ne7 25. Ne2 $4 (25. Nd1 d4 26. e4 $11) 25... e4 $19) 22. Bb2 {[%emt 0:24:
45]} Qe6 {[%emt 0:39:12]} 23. Qf1 $1 $14 {[%emt 0:20:02]} g5 {[%emt 0:36:45]}
24. Nc3 {[%emt 0:14:41]} Na7 {[%emt 0:34:44]} 25. Ne2 {[%emt 0:13:11]
Stockfish bevorzugt gleichermaßen 25.d4, 25.e4 und 25.f4 :-)} Bd6 {[%emt 0:13:
11] 13 - 30} 26. Rxc8+ {[%emt 0:11:18]} Rxc8 {[%emt 0:30:26]} 27. Rc1 {[%emt 0:
11:45]} Ne8 $2 {[%emt 0:23:00]} 28. Rxc8 $18 {[%emt 0:10:21]} Nxc8 {[%emt 0:23:
21]} 29. d4 {[%emt 0:10:02]} e4 {[%emt 0:23:01]} (29... Nb6 $142 30. dxe5 Bxe5
31. Bxe5 Qxe5 32. Nd4 Nf6 33. Nxb5 Qb2 34. h3 $16) 30. Nc3 {[%emt 0:10:18]} Nb6
{[%emt 0:18:41] 10 - 19} (30... Nc7 31. Nxb5 Qd7) 31. Qxb5 {[%emt 0:09:20]} Nc4
{[%emt 0:17:26]} 32. Bc1 {[%emt 0:08:54]} Nc7 {[%emt 0:15:47]} 33. Qxa4 {
[%emt 0:09:16]} h5 {[%emt 0:15:16]} 34. Bf1 {[%emt 0:15:16]} h4 {[%emt 0:05:55]
} 35. Qc2 {[%emt 0:04:41]} hxg3 {[%emt 0:04:41] 5 - 14} 36. hxg3 {[%emt 0:05:
04]} Nb6 {[%emt 0:11:46]} 37. Nb5 {[%emt 0:04:23]} Nxb5 {[%emt 0:11:39]} 38.
Bxb5 {[%emt 0:04:48]} Qh3 {[%emt 0:10:37]} 39. Bf1 {[%emt 0:04:58]} Qd7 {
[%emt 0:10:43]} 40. b5 {[%emt 0:02:57]} f5 {[%emt 0:02:57] 3 - 9} 41. a4 {
[%emt 0:08:34]} f4 {[%emt 0:38:08]} 42. exf4 {[%emt 0:24:55]} gxf4 {[%emt 0:38:
33]} 43. a5 {[%emt 0:21:36]} Nc8 {[%emt 0:32:15]} 44. Bxf4 {[%emt 0:18:29]}
Bxf4 {[%emt 0:32:27]} 45. gxf4 {[%emt 0:18:54]} Qg4+ {[%emt 0:32:29] 19 - 32}
46. Bg2 {[%emt 0:17:47]} Nd6 {[%emt 0:32:17]} 47. b6 {[%emt 0:13:50]} Nc4 {
[%emt 0:31:45]} 48. b7 {[%emt 0:12:17]} Qxf4 {[%emt 0:12:17]} 49. Qb1 {[%emt 0:
11:13]} Qb8 {[%emt 0:30:43]} 50. a6 {[%emt 0:10:27]} e3 {[%emt 0:10:27] 10 - 30
} 51. Qg6+ {[%emt 0:09:16]} Kf8 {[%emt 0:09:16]} 52. Qf6+ {[%emt 0:09:31]} Ke8
{[%emt 0:30:09]} 53. fxe3 {[%emt 0:08:53]} Qg3 {[%emt 0:08:53]} 54. b8=Q+ {
[%emt 0:09:13]} Qxb8 {[%emt 0:30:14]} 55. Qh8+ {[%emt 0:09:38]} 1-0

[Event "29. DSenEM 2017 Gruppe A"]
[Site "?"]
[Date "2017.08.14"]
[Round "7.1"]
[White "Namyslo, Holger"]
[Black "Buchal, Stephan"]
[Result "1/2-1/2"]
[WhiteElo "2226"]
[BlackElo "2309"]
[Annotator "Buchal,Stephan"]
[PlyCount "61"]
[EventDate "2017.??.??"]
[WhiteClock "0:03:07"]
[BlackClock "0:01:42"]

1. e4 {[%emt 1:30:26]} g6 {[%emt 1:30:22]} 2. d4 {[%emt 1:30:51]} Bg7 {[%emt 1:
30:47]} 3. Nf3 {[%emt 1:31:00]} d6 {[%emt 1:30:01]} 4. Bc4 {[%emt 1:31:09]} Nf6
{[%emt 1:30:01]} 5. Qe2 {[%emt 1:31:12]} O-O {[%emt 1:29:49] 91 - 90} 6. e5 {
[%emt 1:29:49]} Ne8 {[%emt 1:30:49]} 7. O-O {[%emt 1:29:57]} c5 {[%emt 1:29:57]
} 8. dxc5 {[%emt 1:26:31]} dxe5 {[%emt 1:17:42]} 9. Nxe5 {[%emt 1:13:44]} Qd4 {
[%emt 1:11:20]} 10. Nf3 {[%emt 1:14:01]} Qxc5 {[%emt 1:10:30] 74 - 71} 11. Be3
{[%emt 1:09:09]} Qc7 {[%emt 1:06:58]} 12. Nc3 {[%emt 1:02:44]} Nd6 $2 {[%emt 0:
55:59]} (12... Bxc3 $1 {ist völlig o.k. für Schwarz} 13. bxc3 Bg4 14. Bb3
Qxc3 15. Bh6 Bxf3 16. gxf3 Ng7 17. Qxe7 Nc6 18. Qe3 Qf6 19. Bg5 Qf5) 13. Bb3 {
[%emt 1:02:29]} Bg4 {[%emt 0:47:18]} 14. Nd5 {[%emt 0:57:38]} Qd7 {[%emt 0:42:
47]} 15. Bg5 {[%emt 0:50:51]} Nc6 $2 {[%emt 0:50:51] 51 - 40} (15... h6 16.
Nxe7+ Kh7 17. Bf4 Re8 18. Qd3 Qxe7 19. Bxd6 Qf6 20. Rad1 Nc6 $14) 16. Nxe7+ {
[%emt 0:39:57]} Kh8 {[%emt 0:44:31]} 17. Nxc6 {[%emt 0:41:01]} Qxc6 {[%emt 0:
39:25]} 18. Qd3 {[%emt 0:39:29]} (18. c3 $16) 18... Bxb2 $2 {[%emt 0:14:38]} (
18... Bxf3 19. gxf3 (19. Qxf3 Qxf3 20. gxf3 Bxb2 21. Rad1 (21. Rab1 Be5 22. f4
Ne4 $1 $11) 21... Nf5 22. Bd5 $14)) 19. Rab1 {[%emt 0:38:01]} Bxf3 {[%emt 0:07:
55]} 20. gxf3 {[%emt 0:35:41]} Bg7 {[%emt 0:06:30] 36 - 7} 21. Be7 {[%emt 0:33:
48]} Nf5 {[%emt 0:33:48]} 22. Bxf8 $2 {[%emt 0:32:50]} (22. Bd5 Qa4 23. Rb4 Qa5
24. Bxf8 Rxf8 25. Rxb7 $18) 22... Rxf8 {[%emt 0:05:30]} 23. Bd5 {[%emt 0:28:06]
} Qf6 {[%emt 0:05:34]} 24. Rxb7 {[%emt 0:18:13]} Qg5+ {[%emt 0:05:27]} 25. Kh1
{[%emt 0:18:38]} Be5 {[%emt 0:05:20] 19 - 5} 26. Qe4 $4 {[%emt 0:13:06]} (26.
Rb4 Qh6 27. f4 Bxf4 28. h3 $16) 26... Nd6 {[%emt 0:04:52]} 27. h4 {[%emt 0:02:
54]} Qf6 {[%emt 0:03:42]} 28. Qb4 {[%emt 0:02:23]} Bf4 {[%emt 0:02:23]} 29. Qb2
{[%emt 0:02:10]} Be5 {[%emt 0:03:44]} 30. Qb4 {[%emt 0:03:44]} Bf4 {[%emt 0:01:
30]} (30... a5 $15 31. Qg4 Nxb7 32. Bxb7 Bf4 33. Rd1 h5 34. Qh3 Kg7 $15) 31.
Qb2 {[%emt 0:03:07]} 1/2-1/2

[Event "29. DSenEM 2017 Gruppe A"]
[Site "?"]
[Date "2017.08.15"]
[Round "8.1"]
[White "Schmidt, Bodo"]
[Black "Buchal, Stephan"]
[Result "1-0"]
[WhiteElo "2331"]
[BlackElo "2309"]
[Annotator "Buchal,Stephan"]
[PlyCount "131"]
[EventDate "2017.??.??"]
[WhiteClock "0:10:20"]

1. d4 {[%emt 1:30:28]} d6 {[%emt 1:30:15]} 2. Nf3 {[%emt 1:30:52]} g6 {[%emt 1:
30:33]} 3. c4 {[%emt 1:31:05]} Bg7 {[%emt 1:31:05]} 4. Nc3 {[%emt 1:31:29]} Nf6
{[%emt 1:30:34]} 5. e4 {[%emt 1:31:52]} O-O {[%emt 1:31:52] 92 - 91} 6. Be2 {
[%emt 1:32:18]} Na6 {[%emt 1:32:18]} 7. O-O {[%emt 1:32:09]} e5 {[%emt 1:27:41]
} 8. Be3 {[%emt 1:31:32]} Ng4 {[%emt 1:26:52]} 9. Bg5 {[%emt 1:26:52]} f6 {
[%emt 1:24:26]} 10. Bc1 {[%emt 1:31:22]} c6 {[%emt 1:22:15] 91 - 82} (10... Kh8
$5 {Karpov-Kasparov, WM 1990}) 11. h3 {[%emt 1:28:49]} Nh6 {[%emt 1:22:37]} 12.
Rb1 {[%emt 1:28:42]} (12. c5 $1 $16 {siehe Repertoire}) 12... Nf7 {[%emt 1:19:
16]} 13. b4 {[%emt 1:28:26]} f5 {[%emt 1:11:26]} 14. d5 {[%emt 1:23:05]} c5 {
[%emt 1:23:05]} 15. a3 {[%emt 1:17:39]} b6 {[%emt 0:57:59] 78 - 58} 16. Qc2 {
[%emt 1:08:14]} Bd7 {[%emt 0:42:11]} 17. Qd3 {[%emt 0:56:34]} Nc7 {[%emt 0:56:
34]} 18. Bd1 {[%emt 0:56:20]} Ne8 {[%emt 0:39:08]} 19. Nd2 {[%emt 0:56:27]} Nf6
{[%emt 0:35:09]} 20. Ba4 {[%emt 0:53:44]} Bh6 {[%emt 0:30:16] 54 - 30} 21. Bc6
{[%emt 0:49:52]} Rc8 {[%emt 0:25:53]} 22. b5 {[%emt 0:48:25]} Rc7 {[%emt 0:23:
58]} 23. Bxd7 {[%emt 0:45:14]} Qxd7 {[%emt 0:24:19]} 24. Nf3 {[%emt 0:38:04]}
fxe4 {[%emt 0:16:53]} 25. Nxe4 {[%emt 0:38:16]} Nxe4 {[%emt 0:16:43] 38 - 17}
26. Qxe4 {[%emt 0:38:01] [#] In einem etwas zweifelhaften Königsinder war ich
hier schon wieder dem Ausgleich sehr nahe. Nach etwa 26...Dd8 mit der Idee ...
Lxc1 nebst ...Sg5 sollte die schwarze Initiative in der halboffenen f-Linie
und dem starken Feld f4 die weiße Initiative am Damenflügel kompensieren.
Ich hatte das wohl gesehen, aber dann auch die Idee ..Lxc1 nebst ..Df5 zu
spielen. Und plötzlich entschloss ich mich zu} Qf5 $4 {[%emt 0:16:50] und sah
sofort das Malheur ...} (26... Qd8 $11) 27. Qxf5 {[%emt 0:36:51]} gxf5 {
[%emt 0:17:17]} 28. Bxh6 {[%emt 0:37:07]} Nxh6 {[%emt 0:37:07]} 29. Ng5 {
[%emt 0:37:35] Jetzt ist Schwarz in einem misreblen Endspiel gelandet, das
Bodo Schmidt sicher nach Hause brachte.} Rf6 {[%emt 0:14:46]} 30. f4 {[%emt 0:
14:46]} Re7 {[%emt 0:09:58]} 31. Rbe1 {[%emt 0:32:43]} e4 $2 {[%emt 0:07:22]} (
31... Nf7 32. Ne6 (32. Nf3 Rh6 33. Kh2 Kg7 34. a4 Kf6 $14) 32... exf4 33. Rc1
Ne5 $14 34. Nxf4 Re8) 32. Ne6 {[%emt 0:26:45]} Re8 {[%emt 0:04:16]} 33. Kf2 {
[%emt 0:04:16]} Rg6 {[%emt 0:04:16]} 34. Rg1 {[%emt 0:24:57]} Kh8 {[%emt 0:01:
38]} 35. Ng5 {[%emt 0:01:38]} Rf8 {[%emt 0:00:50] 21 - 1} 36. g3 {[%emt 0:18:
54]} Nf7 {[%emt 0:00:18]} 37. Ne6 {[%emt 0:19:22]} Rfg8 {[%emt 0:00:40]} 38. a4
{[%emt 0:19:07]} h5 {[%emt 0:00:52]} 39. Rg2 {[%emt 0:14:48]} (39. a5 h4 40. g4
(40. gxh4 $4 Rxg1 41. Rxg1 e3+ $19) 40... fxg4 41. f5 g3+ 42. Kg2 Rh6 43. Rxe4)
39... Nd8 {[%emt 0:00:06]} 40. Ng5 {[%emt 0:15:05]} Nb7 $2 {[%emt 0:00:03]} 41.
g4 $18 {[%emt 0:14:16]} fxg4 {[%emt 0:21:46]} 42. hxg4 {[%emt 0:44:07]} Rf6 {
[%emt 0:17:45]} 43. Ne6 {[%emt 0:35:28]} Rxg4 {[%emt 0:15:32]} 44. Rxg4 {
[%emt 0:34:19]} hxg4 {[%emt 0:16:00]} 45. Rxe4 {[%emt 0:34:15]} Na5 {[%emt 0:
13:24]} 46. Kg3 {[%emt 0:34:13]} Nb3 {[%emt 0:12:28]} 47. Ng5 {[%emt 0:30:26]}
Nd2 {[%emt 0:11:32]} 48. Re8+ {[%emt 0:30:53]} Kg7 {[%emt 0:11:55]} 49. Ne4 {
[%emt 0:30:46]} Nxe4+ {[%emt 0:30:46]} 50. Rxe4 {[%emt 0:31:13]} Kf7 {[%emt 0:
06:03]} 51. Re1 {[%emt 0:30:40]} Rh6 {[%emt 0:06:10]} 52. Kxg4 {[%emt 0:29:41]}
Rh2 {[%emt 0:05:22]} 53. Re6 {[%emt 0:29:30]} Ra2 {[%emt 0:03:42]} 54. Rxd6 {
[%emt 0:25:59]} Rxa4 {[%emt 0:04:10]} 55. Kf5 {[%emt 0:04:10]} Rxc4 {[%emt 0:
04:22]} 56. Rd7+ {[%emt 0:26:28]} Ke8 {[%emt 0:26:28]} 57. Rxa7 {[%emt 0:26:51]
} Rc1 {[%emt 0:01:25]} 58. d6 {[%emt 0:23:36]} c4 {[%emt 0:01:10]} 59. Rb7 {
[%emt 0:13:32]} c3 {[%emt 0:00:54]} 60. Rxb6 {[%emt 0:13:55]} c2 {[%emt 0:00:
27]} 61. Rc6 {[%emt 0:14:15]} Kd7 {[%emt 0:00:47]} 62. Kf6 {[%emt 0:13:24]} Rd1
{[%emt 0:00:06]} 63. Rxc2 {[%emt 0:13:38]} Rxd6+ {[%emt 0:00:30]} 64. Ke5 {
[%emt 0:00:30]} Re6+ {[%emt 0:00:29]} 65. Kf5 {[%emt 0:12:24]} Rb6 {[%emt 0:00:
08]} 66. Rb2 {[%emt 0:10:20]} 1-0

[Event "29. DSenEM 2017 Gruppe A"]
[Site "?"]
[Date "2017.08.15"]
[Round "9.2"]
[White "Buchal, Stephan"]
[Black "Kannenberg, Karl Heinz"]
[Result "1-0"]
[WhiteElo "2309"]
[BlackElo "2191"]
[Annotator "Buchal,Stephan"]
[PlyCount "69"]
[EventDate "2017.??.??"]
[WhiteClock "0:05:01"]
[BlackClock "0:25:58"]

1. c4 {[%emt 1:30:21]} c6 {[%emt 1:30:23]} 2. g3 {[%emt 1:30:31]} d5 {[%emt 1:
30:23]} 3. Nf3 {[%emt 1:30:35]} Bg4 {[%emt 1:30:35]} 4. Bg2 {[%emt 1:29:43]} e6
{[%emt 1:30:32]} 5. cxd5 {[%emt 1:29:03]} Bxf3 {[%emt 1:30:53]} 6. Bxf3 {
[%emt 1:29:27]} cxd5 {[%emt 1:31:14]} 7. O-O {[%emt 1:31:14]} Nf6 {[%emt 1:31:
02]} 8. d3 {[%emt 1:29:57]} Be7 {[%emt 1:31:04]} 9. Nc3 {[%emt 1:31:04]} Nc6 {
[%emt 1:31:15]} 10. a3 {[%emt 1:28:55]} O-O {[%emt 1:29:35]} 11. Bd2 {[%emt 1:
26:27]} Qd7 {[%emt 1:29:18]} 12. Bg2 {[%emt 1:24:29]} Rab8 {[%emt 1:26:13]} 13.
b4 {[%emt 1:26:13]} b5 {[%emt 1:15:51] [#] Kannengießer hat sich sehr solide
aufgebaut und dabei (unbewusst!) die Variante aus meiner Partie gegen Khanokov
in der 6. Runde kopiert. Weiß hat wenig, außer der Hoffnung, vielleicht doch
einmal das Läuferpaar zur Geltung zu bringen. Nach langem Nachdenken verfiel
ich jetzt auf ein zweifelhaftes Läufermanöver.} 14. Bf4 {[%emt 0:47:39]} (14.
e4 $142 dxe4 15. dxe4 Rfd8 16. Bf4 {und Weiß hat höchstens symbolischen
Vorteil}) 14... Bd6 {[%emt 1:24:50]} 15. Bg5 {[%emt 0:37:08]} Be5 {[%emt 1:23:
47]} 16. Rc1 {[%emt 0:29:31]} h6 {[%emt 1:21:12]} 17. Bd2 {[%emt 0:29:05]} Rfc8
{[%emt 1:21:12]} 18. f4 $6 {[%emt 0:24:28] Das war der (Un-)Sinn des Ganzen.
Beruht leider auf einer Fehleinschätzung.} (18. e3 {mit der Idee Se2, Db3,
evtl. f4 und Lc3 und langsamer Verbesserung der weißen Stellung.} d4 19. Ne4
Nxe4 20. Bxe4 dxe3 21. fxe3 Ne7 22. Qe2 $11) 18... Bxc3 $2 {[%emt 0:59:05]} ({
Wir glaubten beide, dass Weiß nach} 18... Bd4+ 19. e3 Bxe3+ 20. Bxe3 d4 21.
Bf2 dxc3 22. Rxc3 {wegen des "starken Läuferpaars" besser steht, aber leider
ist wegen} Nd4 {das Gegenteil der Fall. Schwarz bekommt nicht nur das Feld d4,
sondern auch noch die c-Linie.}) 19. Rxc3 {[%emt 0:23:57]} d4 {[%emt 0:46:55]}
20. Rc5 {[%emt 0:24:13]} Ne7 {[%emt 0:44:46]} 21. Qb3 {[%emt 0:21:46]} Rxc5 {
[%emt 0:42:55]} 22. bxc5 {[%emt 0:22:13]} Nfd5 {[%emt 0:43:07]} 23. Rc1 {
[%emt 0:21:12]} Nc6 {[%emt 0:41:40] [#]} 24. f5 $1 {[%emt 0:16:01] Jetzt ist
Weiß etwas in Vorteil, der sich bald verdichtete.} a5 {[%emt 0:37:48]} 25. Rf1
{[%emt 0:14:06]} a4 {[%emt 0:34:02]} 26. Qa2 {[%emt 0:13:14]} Nc3 {[%emt 0:34:
02]} 27. fxe6 {[%emt 0:12:15]} fxe6 {[%emt 0:33:42]} 28. Qa1 {[%emt 0:09:22]}
b4 {[%emt 0:27:24]} 29. axb4 {[%emt 0:27:24]} Rxb4 {[%emt 0:27:27]} 30. Bxc3 {
[%emt 0:08:26]} dxc3 {[%emt 0:27:25]} 31. Qxc3 {[%emt 0:06:45]} Qd4+ {[%emt 0:
26:24]} 32. Qxd4 {[%emt 0:07:14]} Nxd4 {[%emt 0:07:14]} 33. e3 $14 {[%emt 0:26:
42] [#]} a3 $4 {[%emt 0:05:23] Ein grober Bock, der u.a. an einem
Zwischenschach scheitert ..} 34. exd4 {[%emt 0:04:40]} a2 {[%emt 0:26:13]} 35.
Bh3 {[%emt 0:05:01]} 1-0

[Event "29. DSenEM2017-Gruppe-B"]
[Site "Berlin"]
[Date "2017.08.09"]
[Round "2.13"]
[White "Kuenitz, Bernhard"]
[Black "Andrasch, Peter"]
[Result "1-0"]
[WhiteElo "1864"]
[BlackElo "1764"]
[PlyCount "113"]
[EventDate "2017.??.??"]

1. c4 c5 2. Nc3 Nf6 3. g3 g6 4. Bg2 Bg7 5. Nf3 d6 6. O-O O-O 7. a3 Bd7 8. Rb1
Nc6 9. b4 Rb8 10. bxc5 dxc5 11. d3 b6 12. Bf4 Rc8 13. Qd2 Re8 14. Ne5 Nh5 15.
Nxc6 Bxc6 16. Bxc6 Rxc6 17. Be3 Nf6 18. f3 Qd7 19. Kg2 Qb7 20. Rb3 Re6 21. Bxc5
Nd7 22. Bf2 Rd8 23. Ne4 Ne5 24. Nc5 Nxc4 25. Nxb7 Nxd2 26. Nxd8 Rd6 27. Nxf7
Kxf7 28. Rb4 Nxf1 29. Kxf1 Rc6 30. Rc4 Rxc4 31. dxc4 Ke6 32. e4 Bc3 33. Ke2 Kd6
34. Kd3 Ba1 35. f4 e5 36. Be3 Bb2 37. a4 Ba3 38. h3 Bc5 39. fxe5+ Kxe5 40. Bf4+
Ke6 41. g4 Kd7 42. Bb8 a5 43. e5 Bg1 44. Ke4 Bf2 45. Bd6 Bg1 46. Ba3 Bf2 47.
Bb2 h6 48. Bd4 Bxd4 49. Kxd4 h5 50. Ke4 hxg4 51. hxg4 g5 52. Kd5 Ke7 53. e6 Ke8
54. Kd6 Kd8 55. e7+ Ke8 56. Ke6 b5 57. axb5 1-0

[Event "29. DSenEM2017-Gruppe-B"]
[Site "Berlin"]
[Date "2017.08.10"]
[Round "3.6"]
[White "Vovchik, Vladimir"]
[Black "Kuenitz, Bernhard"]
[Result "0-1"]
[WhiteElo "1805"]
[BlackElo "1864"]
[PlyCount "94"]
[EventDate "2017.??.??"]

1. e4 e6 2. d4 d5 3. Nc3 c5 4. Bb5+ Nc6 5. exd5 exd5 6. Qe2+ Be6 7. dxc5 Bxc5
8. Nf3 a6 9. Bxc6+ bxc6 10. O-O h6 11. Ne5 Ne7 12. Nd3 Bd6 13. Bf4 O-O 14. Bxd6
Qxd6 15. Na4 Rfe8 16. Rfe1 Bf5 17. Qe5 Qxe5 18. Rxe5 Bxd3 19. cxd3 Ng6 20. Ree1
Nf4 21. Nc5 Re2 22. Rxe2 Nxe2+ 23. Kf1 Nd4 24. Rd1 a5 25. Rd2 Rb8 26. b3 Rb5
27. Na4 Kf8 28. f3 Ke7 29. Kf2 Kd6 30. g4 Rb7 31. Ke3 Ne6 32. h4 Re7 33. Kf2
Nd4 34. f4 h5 35. gxh5 Nf5 36. Kf3 g6 37. hxg6 fxg6 38. Nc3 Kc5 39. d4+ Nxd4+
40. Kg4 Nf5 41. Kg5 Re3 42. Ne2 d4 43. Kxg6 Nxh4+ 44. Kf7 d3 45. Nc1 Kd4 46.
Rh2 Nf3 47. Rh8 d2 0-1